[Event "Open SSM Luglio"]
[Site "Milano ITA"]
[Date "2014.07.06"]
[Round "5"]
[White "Quagliarella, Sabino Remo"]
[Black "Bisignano, Giuseppe"]
[WhiteElo "1838"]
[BlackElo "1872"]
[Result "1-0"]
[PlyCount "95"]
[EventDate "2014.07.03"]

1. Nf3 d5 2. d4 e6 3. Nbd2 c5 4. c3 Nc6 5. e3 Nf6 6. Bd3 c4 7. Bc2 Qc7 8. e4
dxe4 9. Nxe4 Be7 10. Nxf6+ Bxf6 11. O-O O-O 12. Ng5 g6 13. h4 h6 14. Ne4 Bg7
15. Qf3 f5 16. Qg3 Qxg3 17. Nxg3 Bd7 18. f4 Ne7 19. h5 Kh7 20. hxg6+ Kxg6 21.
Bd1 Nd5 22. Bh5+ Kh7 23. Bf3 Rae8 24. Bd2 Rg8 25. Kf2 Nf6 26. Rh1 Bc6 27. Bxc6
bxc6 28. Rae1 Bf8 29. Kf3 Bd6 30. Re2 Rg4 31. Rh3 Kg6 32. Nf1 h5 33. g3 h4 34.
Rxh4 Rxh4 35. gxh4 Ne4 36. Rg2+ Kf6 37. Be1 Rh8 38. Ne3 c5 39. Nxc4 Bc7 40. Nd2
Nxd2+ 41. Rxd2 cxd4 42. Rxd4 Rg8 43. Bg3 Rb8 44. Rd2 a5 45. h5 Rh8 46. Bh4+ Kf7
47. Rd7+ Kf8 48. Rxc7 1-0

[Event "Open SSM Luglio"]
[Site "Milano ITA"]
[Date "2014.07.06"]
[Round "5"]
[White "Gennaro, Isabella"]
[Black "Papale, Carmelo"]
[WhiteElo "1793"]
[BlackElo "1826"]
[Result "1/2-1/2"]
[PlyCount "53"]
[EventDate "2014.07.03"]

1. e4 c5 2. Nf3 d6 3. d4 cxd4 4. Nxd4 Nf6 5. Nc3 a6 6. Be2 e5 7. Nb3 Be7 8. O-O
O-O 9. Be3 Be6 10. Kh1 Qc7 11. f4 Nbd7 12. f5 Bc4 13. Nd2 Bxe2 14. Qxe2 b5 15.
a3 Rfd8 16. g4 d5 17. g5 d4 18. gxf6 Nxf6 19. Nd1 dxe3 20. Nxe3 Qc6 21. Qg2 Bc5
22. Rae1 Rd7 23. Nb3 Bb6 24. Ng4 Nxg4 25. Qxg4 f6 26. Qg2 Rad8 27. Rf3 1/2-1/2

[Event "Open SSM Luglio"]
[Site "Milano ITA"]
[Date "2014.07.06"]
[Round "5"]
[White "Pipitone, Filippo Massimo"]
[Black "Cerutti, Fabio Maria"]
[WhiteElo "1567"]
[BlackElo "1795"]
[Result "1/2-1/2"]
[PlyCount "47"]
[EventDate "2014.07.03"]

1. d4 Nf6 2. Nf3 d6 3. c4 c5 4. e3 g6 5. Bd3 Bg7 6. Nbd2 O-O 7. O-O Nbd7 8. Rb1
cxd4 9. exd4 d5 10. c5 a5 11. a3 a4 12. b4 axb3 13. Qxb3 e5 14. Nxe5 Nxe5 15.
dxe5 Nd7 16. Qxd5 Nxe5 17. Qxd8 Rxd8 18. Be2 Bh6 19. f4 Nd3 20. Bxd3 Rxd3 21.
Nc4 Bf8 22. Nd6 Bxd6 23. cxd6 Rxd6 24. Re1 1/2-1/2

[Event "Open SSM Luglio"]
[Site "Milano ITA"]
[Date "2014.07.06"]
[Round "5"]
[White "Frignani, Alessandro"]
[Black "Trovero, Leo"]
[WhiteElo "1470"]
[BlackElo "1756"]
[Result "0-1"]
[PlyCount "98"]
[EventDate "2014.07.03"]

1. e4 c5 2. Nc3 e6 3. Bc4 a6 4. Qf3 b5 5. e5 Nc6 6. Bd3 Bb7 7. Qg3 Qc7 8. f4
Nge7 9. Nf3 Nb4 10. a3 Nxd3+ 11. cxd3 d6 12. b3 Nf5 13. Qf2 dxe5 14. Nxe5 Nd4
15. Rb1 Bd6 16. Nf3 Bxf3 17. gxf3 Bxf4 18. Ne4 Qe5 19. O-O f5 20. Ng3 Bxg3 21.
hxg3 O-O 22. Bb2 Qd5 23. Bxd4 Qxd4 24. Qe3 Rad8 25. Qxd4 Rxd4 26. Rf2 Rxd3 27.
Kg2 Rfd8 28. Rb2 Kf7 29. Re2 Kf6 30. Kf2 R8d5 31. a4 b4 32. f4 a5 33. Kg2 e5
34. fxe5+ Rxe5 35. Rf2 g5 36. Rf1 Red5 37. Rf2 h5 38. Kh2 g4 39. Kg2 Kg5 40.
Kh2 h4 41. gxh4+ Kxh4 42. Kg2 Kg5 43. Kf1 f4 44. Ke2 f3+ 45. Kd1 Kf4 46. Rh2
Kg3 47. Rh8 f2 48. Rf8 Rf3 49. Rxf3+ Kxf3 0-1

[Event "Open SSM Luglio"]
[Site "Milano ITA"]
[Date "2014.07.06"]
[Round "5"]
[White "Vece, Luigi"]
[Black "Poletto, Daniele"]
[WhiteElo "1641"]
[BlackElo "1738"]
[Result "0-1"]
[PlyCount "70"]
[EventDate "2014.07.03"]

1. e4 c5 2. Nf3 e6 3. d4 cxd4 4. Nxd4 a6 5. c4 Nf6 6. Bd3 Qc7 7. O-O Nc6 8. Be3
Ne5 9. Qe2 Neg4 10. g3 Nxe3 11. fxe3 Bd6 12. Qf3 Rb8 13. Nc3 b6 14. Rf2 Bb7 15.
g4 h6 16. Qh3 Nh7 17. Raf1 O-O 18. Nf3 Be7 19. Qh5 Nf6 20. Qh4 Nd5 21. Nxd5
Bxh4 22. Nxc7 Bxf2+ 23. Rxf2 Rbc8 24. Nxe6 fxe6 25. Ne5 Rxf2 26. Kxf2 d5 27.
exd5 exd5 28. Bf5 Re8 29. Nd7 dxc4 30. Nxb6 Rf8 31. Ke2 g6 32. Be6+ Kg7 33. Nd7
Rc8 34. Kd2 Rc6 35. Bd5 Rd6 0-1

[Event "Open SSM Luglio"]
[Site "Milano ITA"]
[Date "2014.07.06"]
[Round "5"]
[White "Biava, Pierluigi"]
[Black "Pirrello, Christian"]
[WhiteElo "1613"]
[BlackElo "1669"]
[Result "1/2-1/2"]
[PlyCount "98"]
[EventDate "2014.07.03"]

1. e4 c6 2. d4 d5 3. exd5 cxd5 4. Bd3 Nc6 5. c3 Nf6 6. Nf3 Bg4 7. Nbd2 e6 8. h3
Bxf3 9. Qxf3 Be7 10. Qe2 Qc7 11. Nf3 a6 12. Bg5 O-O 13. g4 b5 14. Ne5 Nxe5 15.
Qxe5 Bd6 16. Qe3 Nd7 17. O-O-O b4 18. Bc2 h6 19. Qd3 Bf4+ 20. Bxf4 Qxf4+ 21.
Qe3 Qxe3+ 22. fxe3 bxc3 23. bxc3 Rfc8 24. Kd2 Rc7 25. Bd3 Rac8 26. Rc1 Nb6 27.
Rc2 Nc4+ 28. Bxc4 Rxc4 29. Rb1 Kh7 30. Rb4 Kg6 31. Rxc4 Rxc4 32. Kd3 Kg5 33. e4
Ra4 34. exd5 exd5 35. Rf2 f6 36. Rf5+ Kg6 37. Rxd5 Rxa2 38. Rd7 Rh2 39. c4
Rxh3+ 40. Ke4 f5+ 41. gxf5+ Kf6 42. Rd6+ Ke7 43. Rxa6 Rc3 44. c5 h5 45. Ra7+
Kf8 46. Ra8+ Ke7 47. Rh8 Rh3 48. Rh7 Kf7 49. Rh8 Ke7 1/2-1/2

[Event "Open SSM Luglio"]
[Site "Milano ITA"]
[Date "2014.07.06"]
[Round "5"]
[White "Pollio, Ciro"]
[Black "Marchesotti, Giovanni"]
[WhiteElo "1757"]
[BlackElo "1486"]
[Result "1-0"]
[PlyCount "101"]
[EventDate "2014.07.03"]

1. d4 Nf6 2. c4 e6 3. a3 d5 4. Nc3 c5 5. e3 Nc6 6. Nf3 Be7 7. dxc5 Bxc5 8. b4
Bb6 9. c5 Bc7 10. Be2 O-O 11. O-O Qe7 12. Bb2 a6 13. Re1 Bd7 14. Bf1 Rfd8 15.
Ne2 e5 16. g3 h6 17. Bg2 Be6 18. Rc1 g5 19. Ba1 Ne4 20. Nd2 f5 21. Nc3 Nf6 22.
Ne2 h5 23. Qc2 Kf7 24. Qb2 Rh8 25. a4 Rag8 26. b5 Nd8 27. Nf3 e4 28. Ne5+ Ke8
29. c6 Bxe5 30. Qxe5 Ng4 31. Qb8 Kf7 32. Bxh8 Nxc6 33. Qxg8+ Kxg8 34. bxc6 Kxh8
35. c7 Bc8 36. Nd4 Qd7 37. f3 Nf6 38. a5 Ne8 39. Rc5 Nf6 40. Rec1 exf3 41. Bxf3
Ne4 42. Bxe4 fxe4 43. Rf1 Qd6 44. Rcc1 Qb4 45. Rf5 Qd2 46. Rff1 Qxe3+ 47. Kg2
Qxd4 48. Rf8+ Kg7 49. Rcf1 Qb2+ 50. R1f2 Qxf2+ 51. Rxf2 1-0

[Event "Open SSM Luglio"]
[Site "Milano ITA"]
[Date "2014.07.06"]
[Round "5"]
[White "Invernizzi, Ferruccio"]
[Black "Carbone, Lorenzo"]
[WhiteElo "1636"]
[BlackElo "1679"]
[Result "1/2-1/2"]
[PlyCount "42"]
[EventDate "2014.07.03"]

1. e4 c5 2. d4 cxd4 3. c3 dxc3 4. Nxc3 Nc6 5. Nf3 d6 6. Bc4 e6 7. O-O Nf6 8.
Qe2 Be7 9. Rd1 e5 10. Be3 O-O 11. h3 a6 12. Rac1 Qc7 13. Bb3 Be6 14. Nd5 Qb8
15. Nb6 Bxb3 16. axb3 Ra7 17. Nd5 Ra8 18. Nb6 Ra7 19. Bg5 Rd8 20. Nc4 Nb4 21.
Be3 Ra8 1/2-1/2

[Event "Open SSM Luglio"]
[Site "Milano ITA"]
[Date "2014.07.06"]
[Round "5"]
[White "Dicuonzo, Antonio"]
[Black "Padolecchia, Vittorio"]
[WhiteElo "1608"]
[BlackElo "1579"]
[Result "1-0"]
[PlyCount "105"]
[EventDate "2014.07.03"]

1. e4 d5 2. exd5 Nf6 3. Nc3 Nxd5 4. d4 Bf5 5. Nxd5 Qxd5 6. c3 e6 7. Nf3 Nc6 8.
Be2 Rd8 9. Bf4 Qa5 10. O-O a6 11. Qb3 b5 12. a3 Be7 13. Rad1 O-O 14. d5 exd5
15. Bd3 Be6 16. Qc2 h6 17. Qd2 h5 18. Rfe1 d4 19. Nxd4 Nxd4 20. b4 Nf3+ 21.
gxf3 Qb6 22. Qe3 c5 23. Qe4 g6 24. Bh6 Rfe8 25. Qe5 Bf8 26. Bxf8 Rxf8 27. Qg5
Bb3 28. Rb1 Rxd3 29. Rxb3 c4 30. Rb2 Rxf3 31. Rbe2 Qf6 32. Qh6 Qxc3 33. Re8 Qg7
34. Rxf8+ Qxf8 35. Qxf8+ Kxf8 36. a4 Rf5 37. a5 Rf6 38. Kg2 Re6 39. Rb1 Ke7 40.
Kf3 Kf6 41. h4 Kf5 42. Rd1 f6 43. Rd5+ Re5 44. Rd6 Re1 45. Rxa6 Rb1 46. Rb6
Rxb4 47. a6 Rb3+ 48. Kg2 c3 49. a7 c2 50. a8=Q c1=Q 51. Qd5+ Kg4 52. Qxb3 Qf4
53. Qg3+ 1-0

[Event "Open SSM Luglio"]
[Site "Milano ITA"]
[Date "2014.07.06"]
[Round "5"]
[White "Verderame, Alberto"]
[Black "Fantina, Carla"]
[WhiteElo "1481"]
[BlackElo "1399"]
[Result "1-0"]
[PlyCount "47"]
[EventDate "2014.07.03"]

1. Nf3 d6 2. d4 Nf6 3. Nbd2 g6 4. b3 Bg7 5. Bb2 Nbd7 6. e3 c6 7. Bd3 O-O 8. O-O
Qc7 9. e4 e5 10. Nc4 b5 11. dxe5 bxc4 12. exf6 Bxf6 13. Bxf6 Nxf6 14. bxc4 Kg7
15. Qe2 Bg4 16. h3 Bxf3 17. Qxf3 Rab8 18. Qf4 Nh5 19. Qh2 Qd7 20. e5 d5 21.
cxd5 cxd5 22. Rad1 f5 23. exf6+ Rxf6 24. Qxb8 1-0

[Event "Open SSM Luglio"]
[Site "Milano ITA"]
[Date "2014.07.06"]
[Round "5"]
[White "Guttarolo, Giovanni"]
[Black "Bracco, Valter"]
[WhiteElo "1371"]
[BlackElo "1470"]
[Result "0-1"]
[PlyCount "66"]
[EventDate "2014.07.03"]

1. e4 c5 2. Bc4 e6 3. e5 Nc6 4. Nf3 a6 5. O-O b5 6. Bd3 Qc7 7. Re1 g6 8. Bf1
Bg7 9. d3 Nxe5 10. Bf4 d6 11. Nbd2 Nxf3+ 12. Nxf3 Bxb2 13. Rb1 Bg7 14. Nd2 Nf6
15. Qf3 Bb7 16. Qg3 Rd8 17. Ne4 Nxe4 18. dxe4 e5 19. Bg5 Rb8 20. Bd3 O-O 21.
Qh4 Rfe8 22. Qg3 c4 23. Bf1 f6 24. Bd2 Rbd8 25. f3 d5 26. exd5 Bxd5 27. c3 Bxf3
28. Qxf3 Rxd2 29. a3 Qc5+ 30. Kh1 Red8 31. Qb7 Qd6 32. Be2 e4 33. h3 f5 0-1

[Event "VI Torneo Parthenope A"]
[Site "Napoli ITA"]
[Date "2014.05.22"]
[Round "1"]
[White "Baccelliere, Antonio"]
[Black "Sparice, Lorenzo"]
[WhiteElo "1700"]
[BlackElo "1473"]
[Result "1-0"]
[PlyCount "57"]
[EventDate "2014.05.22"]

1. e4 e6 2. d4 d5 3. exd5 exd5 4. Bd3 Bb4+ 5. c3 Be7 6. Nf3 Nf6 7. h3 h6 8. O-O
O-O 9. Bf4 Nbd7 10. Re1 Re8 11. Qd2 Bf8 12. Rxe8 Nxe8 13. Na3 a6 14. c4 Ndf6
15. cxd5 Nxd5 16. Ne5 Be6 17. Nac4 Bb4 18. Qc1 Qh4 19. Be3 Nxe3 20. Qxe3 Qg5
21. f4 Qd8 22. Qe4 Qd5 23. a3 Bd6 24. Qh7+ Kf8 25. Nxd6 Qxd4+ 26. Kh1 Qxd6 27.
Nf3 Qxf4 28. Re1 Bxh3 29. Qh8# 1-0

[Event "VI Torneo Parthenope A"]
[Site "Napoli ITA"]
[Date "2014.05.22"]
[Round "1"]
[White "Baltzopoulos, Giorgos"]
[Black "Seletsky, Grigory"]
[WhiteElo "2003"]
[BlackElo "2341"]
[Result "0-1"]
[PlyCount "140"]
[EventDate "2014.05.22"]

1. d4 Nf6 2. c4 d6 3. Nf3 Nbd7 4. Nc3 c6 5. e4 e5 6. Be2 Be7 7. O-O O-O 8. Qc2
a6 9. Rd1 Qc7 10. h3 b5 11. Be3 Bb7 12. b4 Rfe8 13. a4 bxa4 14. Rxa4 exd4 15.
Nxd4 c5 16. Nf5 Bf8 17. f3 cxb4 18. Rxb4 d5 19. Rxb7 Qxb7 20. cxd5 Rec8 21. Qd3
Nc5 22. Qd4 Nb3 23. Qe5 Nd7 24. Qg3 g6 25. Na4 Qb4 26. Nb2 a5 27. Nd3 Qb8 28.
e5 a4 29. f4 a3 30. e6 a2 31. exd7 a1=Q 32. Rxa1 Rxa1+ 33. Kh2 Rd8 34. Ne5 Bc5
35. Nc6 Qb6 36. Nfe7+ Kf8 37. Qh4 Rxd7 38. Nxg6+ fxg6 39. Qf6+ Kg8 40. Bg4 Rf7
41. Be6 Raa7 42. Nxa7 Qxa7 43. d6 Bxe3 44. Bxb3 Bc5 45. f5 Qd7 46. Bxf7+ Qxf7
47. Qxf7+ Kxf7 48. fxg6+ hxg6 49. h4 Bxd6+ 50. Kh3 Kf6 51. Kg4 Bf8 52. Kf4 Bh6+
53. Ke4 Bd2 54. g4 Bc1 55. Kd5 Ba3 56. Ke4 Bc1 57. Kd5 Be3 58. Ke4 Bd2 59. Kd5
Be1 60. h5 g5 61. Ke4 Ke6 62. Kd4 Bg3 63. Ke4 Be5 64. Kd3 Kd5 65. Ke3 Bg7 66.
Kd3 Bd4 67. h6 Bh8 68. Ke3 Ke5 69. Kf3 Kd4 70. Kg3 Ke3 0-1

[Event "VI Torneo Parthenope A"]
[Site "Napoli ITA"]
[Date "2014.05.22"]
[Round "1"]
[White "Capozzoli, Silvio"]
[Black "Ghiani, Marco"]
[WhiteElo "1743"]
[BlackElo "1497"]
[Result "0-1"]
[PlyCount "58"]
[EventDate "2014.05.22"]

1. d4 Nf6 2. Nc3 d5 3. Nf3 Bf5 4. Bf4 a6 5. a3 e6 6. e3 c5 7. h3 Nc6 8. Be2 h6
9. O-O Rc8 10. Na4 Qa5 11. Nxc5 Bxc5 12. dxc5 Qxc5 13. c3 O-O 14. Ne5 Nxe5 15.
Bxe5 Nd7 16. Bd4 Qc7 17. f4 f6 18. g4 Be4 19. c4 dxc4 20. Qa4 e5 21. Bc3 Nb6
22. Qd1 Rfd8 23. Qe1 Nd5 24. fxe5 Nxe3 25. Bxc4+ Qxc4 26. Qxe3 Rd3 27. Qf4 Rxh3
28. exf6 Qc5+ 29. Rf2 Rh1# 0-1

[Event "VI Torneo Parthenope A"]
[Site "Napoli ITA"]
[Date "2014.05.22"]
[Round "1"]
[White "De Rosa, Francesco"]
[Black "Messina, Enrico"]
[WhiteElo "1917"]
[BlackElo "2169"]
[Result "0-1"]
[PlyCount "74"]
[EventDate "2014.05.22"]

1. e4 d6 2. d4 Nf6 3. Nc3 e5 4. Nf3 Nbd7 5. h3 Be7 6. Be3 c6 7. a4 O-O 8. Be2
exd4 9. Bxd4 Nc5 10. Bxc5 dxc5 11. O-O Qc7 12. Bc4 Nd7 13. Qe2 Bf6 14. Rad1 Re8
15. Rfe1 Nf8 16. Qe3 b6 17. Ng5 Ne6 18. Nxe6 Bxe6 19. Bxe6 Rxe6 20. Re2 Rae8
21. Rde1 Bd4 22. Qd3 Qe5 23. Nd1 Rd6 24. Qb3 Qg5 25. c3 Rg6 26. g4 Be5 27. Re3
Rf6 28. Rd3 h5 29. Ne3 Rf3 30. Kg2 Qf4 31. Qc2 Rxh3 32. Nf1 Qxg4+ 33. Rg3 Bxg3
34. fxg3 h4 35. Qe2 Rxg3+ 36. Nxg3 Qxg3+ 37. Kh1 Re6 0-1

[Event "VI Torneo Parthenope A"]
[Site "Napoli ITA"]
[Date "2014.05.22"]
[Round "1"]
[White "Di Gennaro, Antonio"]
[Black "Caiazzo, Diego"]
[WhiteElo "1674"]
[BlackElo "1780"]
[Result "1-0"]
[PlyCount "65"]
[EventDate "2014.05.22"]

1. e4 c5 2. Nf3 d6 3. d4 cxd4 4. Nxd4 Nf6 5. Nc3 a6 6. Be3 e6 7. f3 Be7 8. g4
Nc6 9. Qd2 Qc7 10. O-O-O Bd7 11. g5 Nh5 12. Bh3 O-O-O 13. Bg4 g6 14. Nxc6 Bxc6
15. Nd5 Bxd5 16. exd5 Kb8 17. Qd4 b5 18. dxe6 Rc8 19. Qd2 f5 20. Bxh5 gxh5 21.
Bf4 Rhd8 22. Rhe1 Qc6 23. Re3 Kb7 24. Qd5 Qxd5 25. Rxd5 Rc4 26. Rxf5 Rxf4 27.
Rxf4 Bxg5 28. Rf7+ Kc6 29. f4 Bh4 30. Rc3+ Kd5 31. e7 Re8 32. Rxh7 Bxe7 33. Re3
1-0

[Event "VI Torneo Parthenope A"]
[Site "Napoli ITA"]
[Date "2014.05.22"]
[Round "1"]
[White "Esposito, Luca"]
[Black "Taurisano, Vincenzo"]
[WhiteElo "2214"]
[BlackElo "1934"]
[Result "1-0"]
[PlyCount "109"]
[EventDate "2014.05.22"]

1. d4 d5 2. c4 e6 3. Nc3 Nf6 4. cxd5 exd5 5. Bg5 c6 6. e3 Be7 7. Bd3 Nbd7 8.
Qc2 h6 9. Bh4 O-O 10. Nge2 Re8 11. f3 Nf8 12. Bf2 Qc7 13. O-O-O Bd6 14. h3 b5
15. g4 b4 16. Na4 a5 17. Rdg1 Ne6 18. h4 c5 19. g5 hxg5 20. hxg5 Nd7 21. g6 f6
22. Rh5 cxd4 23. Qxc7 Bxc7 24. Rgh1 Kf8 25. exd4 Nf4 26. Nxf4 Bxf4+ 27. Kb1 Bh6
28. Rxd5 Re7 29. Bg3 Bb7 30. Rf5 Re3 31. Bb5 Bxf3 32. Bd6+ Ke8 33. Rxf3 Rxf3
34. Nb6 Ra7 35. Nxd7 Rxd7 36. Rxh6 gxh6 37. g7 Rf1+ 38. Bxf1 Rxg7 39. Bb5+ Kd8
40. Bc5 Kc7 41. d5 h5 42. d6+ Kc8 43. d7+ Rxd7 44. Bxd7+ Kxd7 45. Kc2 Kc6 46.
Be7 f5 47. Kd3 Kd5 48. Bg5 Ke5 49. Ke3 a4 50. b3 axb3 51. axb3 f4+ 52. Bxf4+
Kd5 53. Bg5 Kc5 54. Be7+ Kb5 55. Kd4 1-0

[Event "VI Torneo Parthenope A"]
[Site "Napoli ITA"]
[Date "2014.05.22"]
[Round "1"]
[White "Freda, Guido"]
[Black "Esposito, Pino"]
[WhiteElo "1570"]
[BlackElo "1765"]
[Result "0-1"]
[PlyCount "62"]
[EventDate "2014.05.22"]

1. d4 d5 2. c4 e6 3. Nf3 Nf6 4. e3 Nbd7 5. Nc3 c6 6. Bd2 Bd6 7. c5 Bc7 8. b4 a6
9. Bd3 O-O 10. O-O e5 11. e4 exd4 12. Nxd4 Ne5 13. Bg5 h6 14. Bxf6 Qxf6 15.
exd5 Nf3+ 16. Nxf3 Qxc3 17. d6 Bd8 18. Qb3 Qxb3 19. axb3 Bf6 20. Ra2 Bg4 21.
Rc2 Rae8 22. Nd2 Be2 23. Bxe2 Rxe2 24. f3 Bd4+ 25. Kh1 Rfe8 26. h3 Be3 27. Rd1
Bf4 28. Kg1 Kf8 29. Kf1 Bg3 30. d7 Re1+ 31. Rxe1 Rxe1# 0-1

[Event "VI Torneo Parthenope A"]
[Site "Napoli ITA"]
[Date "2014.05.22"]
[Round "1"]
[White "Solombrino, Giovanni"]
[Black "Buiano, Fabio"]
[WhiteElo "1859"]
[BlackElo "2066"]
[Result "0-1"]
[PlyCount "66"]
[EventDate "2014.05.22"]

1. e4 c6 2. d4 g6 3. Nf3 Bg7 4. Nc3 d5 5. e5 Bg4 6. h3 Bxf3 7. Qxf3 e6 8. Bd3
Ne7 9. O-O Nd7 10. Re1 O-O 11. Qg3 c5 12. dxc5 Nxc5 13. Bg5 Nxd3 14. cxd3 Qd7
15. Bxe7 Qxe7 16. Rac1 Qb4 17. Re2 Rac8 18. a3 Qb3 19. d4 Rc4 20. Qe3 Rfc8 21.
f4 Qb6 22. Rd1 Qc6 23. Rd3 b5 24. Na2 a5 25. b3 Rc2 26. Rxc2 Qxc2 27. Rd2 Qb1+
28. Kf2 Bf8 29. b4 axb4 30. axb4 Bxb4 31. Nxb4 Qxb4 32. Ra2 Qc4 33. Ra7 b4 0-1

[Event "VI Torneo Parthenope A"]
[Site "Napoli ITA"]
[Date "2014.05.22"]
[Round "1"]
[White "Supino, Domenico"]
[Black "Donadio, Andrea"]
[WhiteElo "2074"]
[BlackElo "1909"]
[Result "0-1"]
[PlyCount "66"]
[EventDate "2014.05.22"]

1. d4 d5 2. c4 c6 3. e3 Nf6 4. Nf3 Bf5 5. Nc3 a6 6. a4 e6 7. Be2 Be7 8. O-O
Nbd7 9. Nh4 Bg6 10. Nxg6 hxg6 11. f4 Qc7 12. Qc2 Bd6 13. c5 Be7 14. a5 O-O-O
15. Bd2 g5 16. g3 gxf4 17. exf4 Rh3 18. Kg2 Rdh8 19. Rh1 Qd8 20. Be3 R8h7 21.
Ra3 Nxc5 22. Na4 Nce4 23. Nb6+ Kb8 24. Rb3 Nxg3 25. Bg1 Nxe2 26. Rxh3 Nxf4+ 27.
Kf3 Rxh3+ 28. Kf2 Ne4+ 29. Ke1 Bb4+ 30. Kd1 Rd3+ 31. Kc1 Rd2 32. Qb3 Nd3+ 33.
Kb1 Rxb2+ 0-1

[Event "VI Torneo Parthenope A"]
[Site "Napoli ITA"]
[Date "2014.05.22"]
[Round "1"]
[White "Tortorella, Eduardo"]
[Black "Angelotti, Mario"]
[WhiteElo "1493"]
[BlackElo "1718"]
[Result "0-1"]
[PlyCount "66"]
[EventDate "2014.05.22"]

1. e4 e5 2. Nf3 Nf6 3. d3 Nc6 4. c3 d5 5. Bg5 Qd6 6. exd5 Nxd5 7. Be2 Be7 8.
Bxe7 Ndxe7 9. O-O Bf5 10. Qb3 O-O 11. d4 e4 12. Nh4 Be6 13. Bc4 Na5 14. Qa4
Nxc4 15. b4 Nb6 16. Qc2 Qf4 17. g3 Qg4 18. Nd2 f5 19. Rae1 Ng6 20. Nxg6 Qxg6
21. f3 f4 22. Rf2 e3 23. Qxg6 hxg6 24. Rfe2 Bxa2 25. Ne4 Bc4 26. Rb2 Nd5 27.
Kg2 Nf6 28. Nc5 b6 29. Ne4 Nxe4 30. fxe4 f3+ 31. Kh3 f2 32. Rbb1 f1=Q+ 33. Rxf1
Rxf1 0-1

[Event "VI Torneo Parthenope A"]
[Site "Napoli ITA"]
[Date "2014.05.22"]
[Round "1"]
[White "Vannini, Aldo"]
[Black "Farina, Walter"]
[WhiteElo "1775"]
[BlackElo "1606"]
[Result "1-0"]
[PlyCount "51"]
[EventDate "2014.05.22"]

1. d4 d5 2. Bf4 e6 3. e3 c5 4. c3 Nf6 5. Nf3 cxd4 6. exd4 Nc6 7. Bd3 Bd6 8.
Bxd6 Qxd6 9. O-O O-O 10. Re1 Re8 11. Ne5 Nxe5 12. dxe5 Qe7 13. exf6 Qxf6 14.
Qh5 g6 15. Qe5 Qe7 16. Bb5 Bd7 17. Bxd7 Qxd7 18. Nd2 Rac8 19. Nf3 h6 20. Qe3
Kg7 21. Ne5 Qe7 22. Qd3 Qc5 23. Rac1 Rcd8 24. Qd4 Qxd4 25. cxd4 Rd6 26. Rc7 1-0

[Event "VI Torneo Parthenope A"]
[Site "Napoli ITA"]
[Date "2014.05.22"]
[Round "1"]
[White "Zinnai, Graziano Matteo"]
[Black "Esposito, Rosario"]
[WhiteElo "2032"]
[BlackElo "1832"]
[Result "1-0"]
[PlyCount "79"]
[EventDate "2014.05.22"]

1. e4 c5 2. Nf3 e6 3. d3 Nc6 4. c3 g6 5. g3 Bg7 6. Bg2 Nge7 7. O-O O-O 8. Re1
d6 9. Nbd2 Bd7 10. Nc4 Qc7 11. Bf4 e5 12. Bd2 b5 13. Ne3 Rab8 14. Rc1 Qb7 15.
Qe2 Be6 16. b3 Qa6 17. Rc2 b4 18. c4 Qb7 19. Nd5 Bg4 20. Be3 Nxd5 21. exd5 Ne7
22. h3 Bxf3 23. Bxf3 Nf5 24. Bg2 Nxe3 25. fxe3 a5 26. h4 Qd7 27. Kh2 a4 28. Rf1
axb3 29. axb3 Ra8 30. Ra2 Rxa2 31. Qxa2 Qb7 32. Qa4 Rc8 33. Bh3 f5 34. e4 Ra8
35. Qc6 Qxc6 36. dxc6 Rc8 37. exf5 gxf5 38. Bxf5 Rxc6 39. Be6+ Kh8 40. Ra1 1-0

[Event "VI Torneo Parthenope A"]
[Site "Napoli ITA"]
[Date "2014.05.29"]
[Round "2"]
[White "Angelotti, Mario"]
[Black "Baltzopoulos, Giorgos"]
[WhiteElo "1718"]
[BlackElo "2003"]
[Result "0-1"]
[PlyCount "50"]
[EventDate "2014.05.22"]

1. d4 d5 2. Nf3 Nf6 3. e3 Bf5 4. Be2 e6 5. a3 Bd6 6. Nbd2 O-O 7. c4 c6 8. c5
Bc7 9. b4 Nbd7 10. Bb2 b5 11. Nf1 Bg6 12. Ng3 e5 13. dxe5 Ng4 14. O-O Ndxe5 15.
Nd4 Qh4 16. h3 Nxe3 17. fxe3 Qxg3 18. Nf5 Bxf5 19. Rxf5 Qxe3+ 20. Rf2 Rac8 21.
Bd4 Qg3 22. Bf3 Nd3 23. Re2 Qh2+ 24. Kf1 Qh1+ 25. Bg1 Bh2 0-1

[Event "VI Torneo Parthenope A"]
[Site "Napoli ITA"]
[Date "2014.05.29"]
[Round "2"]
[White "Auletta, Pasquale"]
[Black "Capozzoli, Silvio"]
[WhiteElo "1557"]
[BlackElo "1743"]
[Result "1-0"]
[PlyCount "69"]
[EventDate "2014.05.22"]

1. e4 d5 2. exd5 Qxd5 3. Nc3 Qd6 4. d4 Nf6 5. Nf3 Bg4 6. Nb5 Qb6 7. Bf4 Nd5 8.
Be5 a6 9. Bc4 axb5 10. Bxd5 e6 11. Be4 Nd7 12. O-O Nxe5 13. dxe5 Rd8 14. Qe1
Bc5 15. b4 Be7 16. c3 O-O 17. a4 bxa4 18. Rxa4 Ra8 19. Qa1 Rxa4 20. Qxa4 c6 21.
Nd2 Be2 22. Ra1 Rd8 23. Nb3 Qc7 24. Nd4 Bc4 25. Qa5 Qxa5 26. Rxa5 g6 27. Ra4
Bd5 28. Bxd5 Rxd5 29. f4 c5 30. bxc5 Rxc5 31. Ra8+ Kg7 32. Rb8 Rxc3 33. Kf1 Bc5
34. Nb5 b6 35. Nxc3 1-0

[Event "VI Torneo Parthenope A"]
[Site "Napoli ITA"]
[Date "2014.05.29"]
[Round "2"]
[White "Buiano, Fabio"]
[Black "Esposito, Luca"]
[WhiteElo "2066"]
[BlackElo "2214"]
[Result "1/2-1/2"]
[PlyCount "163"]
[EventDate "2014.05.22"]

1. e4 c5 2. Nc3 Nc6 3. Bb5 g6 4. Bxc6 bxc6 5. d4 Bg7 6. dxc5 Qa5 7. Nge2 Nf6 8.
O-O O-O 9. a3 Qxc5 10. Be3 Qa5 11. f3 Qc7 12. Qd2 Rd8 13. Bf4 d6 14. Rfd1 Ba6
15. Na4 Nd7 16. Rab1 Nc5 17. b3 Rab8 18. Kh1 Rdc8 19. Be3 Rb7 20. h3 Rcb8 21.
Rbc1 Nd7 22. Bd4 Bxe2 23. Qxe2 Bxd4 24. Rxd4 Qa5 25. Rcd1 Nf6 26. Qe3 c5 27.
Rc4 Nd7 28. h4 Ne5 29. Rc3 c4 30. Rd5 Qd8 31. g3 cxb3 32. cxb3 Qd7 33. Kg2 h5
34. Nc5 Qb5 35. Nxb7 Qxb7 36. Qd4 Qa6 37. Kf2 Qxa3 38. Qd2 Rxb3 39. Rxb3 Qxb3
40. Qe2 a5 41. Kg2 a4 42. Rb5 Qc3 43. f4 Nc4 44. e5 dxe5 45. fxe5 Ne3+ 46. Kh3
Qc6 47. Rb8+ Kg7 48. Rb1 Qe4 49. Kh2 Qxe5 50. Qb2 Qxb2+ 51. Rxb2 a3 52. Re2 Nd5
53. Ra2 e5 54. Rxa3 Kf6 55. Kg2 Kf5 56. Kf2 Nf6 57. Ra7 Ng4+ 58. Ke2 f6 59. Re7
Ke4 60. Rg7 Kf5 61. Re7 e4 62. Re8 Ne5 63. Ke3 Ng4+ 64. Ke2 Ne5 65. Ke3 Kg4 66.
Kxe4 Kxg3 67. Re6 Ng4 68. Rb6 Kxh4 69. Kf4 g5+ 70. Kf3 f5 71. Rb5 f4 72. Rc5
Nh2+ 73. Kf2 Ng4+ 74. Kf3 Nf6 75. Rc6 Ng4 76. Rc3 Ne3 77. Rc1 g4+ 78. Kxf4 Ng2+
79. Kf5 Kg3 80. Kg5 Kf3 81. Kxh5 Ne3 82. Rg1 1/2-1/2

[Event "VI Torneo Parthenope A"]
[Site "Napoli ITA"]
[Date "2014.05.29"]
[Round "2"]
[White "Caiazzo, Diego"]
[Black "Freda, Guido"]
[WhiteElo "1780"]
[BlackElo "1570"]
[Result "1-0"]
[PlyCount "73"]
[EventDate "2014.05.22"]

1. d4 d5 2. c4 e6 3. Nc3 Bb4 4. e3 Nf6 5. a3 Bxc3+ 6. bxc3 Nc6 7. Nf3 Bd7 8.
Be2 dxc4 9. Bxc4 O-O 10. O-O a6 11. Qc2 Ne7 12. Ne5 b5 13. Nxd7 Qxd7 14. Bd3 g6
15. e4 Kg7 16. Bb2 Rfd8 17. Rad1 Qc6 18. Rfe1 Rd7 19. Bf1 Rad8 20. g3 Qb6 21.
Qe2 Kg8 22. Qf3 Ne8 23. Bc1 Kg7 24. Bg2 f6 25. Bh3 f5 26. d5 Nf6 27. exf5 Nxf5
28. Rxe6 Rd6 29. Rxd6 Qxd6 30. Bxf5 gxf5 31. Qxf5 Rf8 32. Qg5+ Kh8 33. Qd2 Qc5
34. Qd4 Qxd4 35. Rxd4 Re8 36. Kf1 Re4 37. Bg5 1-0

[Event "VI Torneo Parthenope A"]
[Site "Napoli ITA"]
[Date "2014.05.29"]
[Round "2"]
[White "Di Gennaro, Antonio"]
[Black "Solombrino, Giovanni"]
[WhiteElo "1674"]
[BlackElo "1859"]
[Result "1/2-1/2"]
[PlyCount "50"]
[EventDate "2014.05.22"]

1. e4 c5 2. Nf3 Nc6 3. d4 cxd4 4. Nxd4 g6 5. c4 Nf6 6. Nc3 Nxd4 7. Qxd4 d6 8.
Be2 Bg7 9. Be3 O-O 10. Qd2 Qa5 11. f3 Be6 12. Rc1 Rac8 13. b3 Nd7 14. O-O f6
15. Nd5 Qxd2 16. Bxd2 Bxd5 17. exd5 Rfe8 18. f4 f5 19. Bc3 Nf6 20. Bf3 b6 21.
Rfe1 Kf7 22. h3 h5 23. g3 Bh6 24. h4 Rc7 25. Re6 Bg7 1/2-1/2